000 00656nas a2200229 4500
001 BR8006872
003 BR-BrBNA
005 20231205084433.0
007 ta
008 230509b bl.|||p| |||| 00| 00por d
040 _aBR-BrBNA
_bpor
_cBiblioteca Nacional de Agricultura
041 _a(Pt)
072 _aL73
100 1 _aBordin, E.L.
245 1 _aA defesa do lucro: combater a coccidiose [frango]
650 _aFRANGO
650 _aCOCCIDIOSE
650 _aPROFILAXIA
773 0 _tAvicultura Industrial (Brazil)
_xISSN 0101-2258
_g(Dec 1980), v. 71(852) p. 60-72
_wBR8006872
909 _a202311
_bLúcia
_c55
_dLúcia Elande
942 _2AGRIS
_n0
_cANA
999 _c105228
_d105228